La Sexualitat humana 3 : 21 qüestions a l'entorn dels mètodes anticonceptius [Barcelona] : 21 qüestions a l'entorn dels mètodes anticonceptius [Barcelona] :
ISBN:
8477941340
Descripción Física:
19 p. : il.; 17 x 25 cm
Colección:
Quadernets de Joventut
MARC
| LEADER | 00000nam a2200000Ia 4500 | ||
|---|---|---|---|
| 001 | 24069 | ||
| 008 | 160829s1988 xx 000 0 cat d | ||
| 020 | |a 8477941340 | ||
| 080 | |a FU-64-28 | ||
| 100 | |a Faro, Conxita |9 50017 | ||
| 245 | |a La Sexualitat humana 3 : |b 21 qüestions a l'entorn dels mètodes anticonceptius [Barcelona] : | ||
| 260 | |a Barcelona : |b Diputació de Barcelona. Servei de Joventut, |c 1988 | ||
| 300 | |a 19 p. : |b il.; |c 17 x 25 cm | ||
| 490 | |a Quadernets de Joventut | ||
| 590 | |a Bibliografía | ||
| 650 | 0 | |a Educació sexual per a joves |9 50018 | |
| 650 | |a Contracepció |9 33346 | ||
| 710 | 1 | |a Barcelona (Catalunya : Província). |b Servei de Joventut |9 54681 | |
| 901 | |a Arxiu | ||
| 942 | |n 1 | ||
| 952 | |0 0 |1 0 |4 0 |6 FU6428 |7 1 |9 55739 |a Arxiu |b Arxiu |d 2016-12-01 |l 0 |o FU-64-28 |p 24069 |r 2016-12-01 00:00:00 |w 2016-12-01 |y ARXIU | ||
| 999 | |c 59612 |d 59612 | ||